[Event "15th Rubinstein Memorial"]
[Site "Polanica Zdroj POL"]
[Date "1977.08.19"]
[Round "12"]
[White "Kirov, Nino"]
[Black "Hort, Vlastimil"]
[Result "1/2-1/2"]
[WhiteElo "2435"]
[BlackElo "2620"]
[EventDate "1977.08.05"]
[PlyCount "29"]

1.Nf3 g6 2.d4 Nf6 3.g3 Bg7 4.Bg2 O-O 5.O-O d5 6.c4 dxc4 7.Na3 Nc6 8.Nxc4 
Be6 9.Nce5 Bd5 10.Bf4 Nxe5 11.Bxe5 Ne8 12.Qc2 c6 13.Rfd1 Qb6 14.e4 Be6 15.
Rd3 1/2-1/2

[Event "15th Rubinstein Memorial"]
[Site "Polanica Zdroj POL"]
[Date "1977.08.19"]
[Round "12"]
[White "Quinteros, Miguel Angel"]
[Black "Gulko, Boris"]
[Result "0-1"]
[WhiteElo "2555"]
[BlackElo "2585"]
[EventDate "1977.08.05"]
[PlyCount "112"]

1.e4 e6 2.d4 d5 3.Nd2 c5 4.Ngf3 Nf6 5.exd5 Nxd5 6.Nb3 cxd4 7.Nbxd4 Be7 8.
Be2 O-O 9.c4 Nf6 10.O-O b6 11.Ne5 Bb7 12.Bf3 Bxf3 13.Ndxf3 Qc7 14.b3 Nc6 
15.Bb2 Rfd8 16.Qe2 h6 17.Rfe1 Bb4 18.Nxc6 Qxc6 19.Bxf6 gxf6 20.Red1 Bc5 
21.Rd3 Rxd3 22.Qxd3 Qd6 23.Qxd6 Bxd6 24.Rd1 Rd8 25.Kf1 Kf8 26.Ke2 Ke7 27.
Rd3 Rc8 28.Rd4 f5 29.g3 a6 30.Rd2 h5 31.Kd3 Bc5 32.Kc3 a5 33.Re2 Kf6 34.
Ne1 h4 35.Nd3 Bd6 36.b4 hxg3 37.hxg3 axb4+ 38.Kb3 Rh8 39.Ka4 Rh2 40.Rb2 e5
41.Nxb4 Bc5 42.Nd5+ Ke6 43.Kb5 Rxf2 44.Rb1 Rxa2 45.Nxb6 Bf2 46.Rb3 Bxb6 
47.Kxb6 Rc2 48.c5 e4 49.Kc6 f4 50.gxf4 Kf5 51.Rb7 f6 52.Re7 Kxf4 53.Kd6 e3
54.c6 e2 55.c7 Kf3 56.Kd7 Kf2 0-1

[Event "15th Rubinstein Memorial"]
[Site "Polanica Zdroj POL"]
[Date "1977.08.19"]
[Round "12"]
[White "Schinzel, Wladyslaw"]
[Black "Filipowicz, Andrzej"]
[Result "1-0"]
[WhiteElo "2375"]
[BlackElo "2355"]
[EventDate "1977.08.05"]
[PlyCount "96"]

1.c4 c5 2.Nf3 Nf6 3.g3 e6 4.Bg2 Nc6 5.O-O a6 6.Nc3 Be7 7.b3 O-O 8.Bb2 d5 
9.cxd5 exd5 10.d4 Be6 11.Rc1 Rc8 12.dxc5 Bxc5 13.Na4 Be7 14.Nd4 Qd6 15.
Nxe6 fxe6 16.e3 Nd7 17.Bh3 Rce8 18.Nc3 Nf6 19.Rc2 Bd8 20.Bg2 Kh8 21.a3 Qe7
22.Ne2 Qf7 23.Nd4 Nxd4 24.Bxd4 e5 25.Bc5 Be7 26.Qc1 Rc8 27.b4 Bxc5 28.Rxc5
Qd7 29.Qb2 Qd6 30.Rxc8 Rxc8 31.Rd1 Rd8 32.Bxd5 Nxd5 33.e4 Qe7 34.Rxd5 Rxd5
35.exd5 Kg8 36.Qc3 Kf7 37.Kf1 Qd6 38.Qf3+ Ke7 39.Qe4 g6 40.Qh4+ Kf8 41.
Qxh7 Qxd5 42.Qxg6 a5 43.bxa5 Qxa5 44.Qd6+ Kf7 45.h4 Qc3 46.Kg2 b5 47.Qd5+ 
Kg6 48.Qxb5 Qxa3 1-0

[Event "15th Rubinstein Memorial"]
[Site "Polanica Zdroj POL"]
[Date "1977.08.19"]
[Round "12"]
[White "Torre, Eugenio"]
[Black "Espig, Lutz"]
[Result "0-1"]
[WhiteElo "2550"]
[BlackElo "2485"]
[EventDate "1977.08.05"]
[PlyCount "80"]

1.e4 c5 2.Nf3 e6 3.d4 cxd4 4.Nxd4 Nf6 5.Nc3 d6 6.g4 a6 7.g5 Nfd7 8.h4 b5 
9.a3 Bb7 10.Be3 Nb6 11.h5 N8d7 12.Rg1 g6 13.Rh1 Bg7 14.hxg6 hxg6 15.Rxh8+ 
Bxh8 16.Qg4 Qe7 17.O-O-O Rc8 18.f4 Rxc3 19.bxc3 Bxe4 20.Qh3 Bg7 21.Kd2 d5 
22.Ra1 Na4 23.Ne2 Bf5 24.Qh7 Kf8 25.Bh3 Nxc3 26.Bd4 Ne4+ 27.Kc1 e5 28.Bb2 
Nxg5 29.fxg5 Qxg5+ 30.Kd1 Nf6 31.Bc1 Nxh7 32.Bxg5 Nxg5 33.Bxf5 gxf5 34.Ng3
f4 35.Nf5 e4 36.Nxg7 Kxg7 37.a4 f3 38.axb5 axb5 39.Rb1 e3 40.Rb3 d4 0-1

[Event "15th Rubinstein Memorial"]
[Site "Polanica Zdroj POL"]
[Date "1977.08.19"]
[Round "12"]
[White "Vogt, Lothar"]
[Black "Adamski, Jan"]
[Result "1-0"]
[WhiteElo "2495"]
[BlackElo "2470"]
[EventDate "1977.08.05"]
[PlyCount "87"]

1.Nf3 c5 2.e4 d6 3.d4 cxd4 4.Nxd4 Nf6 5.Nc3 e6 6.Be2 Be7 7.O-O O-O 8.f4 a6
9.Kh1 Nc6 10.Be3 Bd7 11.a4 Qc7 12.Nb3 b6 13.Bf3 Rab8 14.Qe2 Na5 15.Nd2 b5 
16.axb5 axb5 17.e5 Ne8 18.Qf2 d5 19.Ne2 g6 20.Ra2 Ng7 21.Rfa1 Nc4 22.Nxc4 
bxc4 23.g4 Rb7 24.Bd4 Rfb8 25.Ng3 Rb5 26.Kg2 Bc5 27.Ra8 Be7 28.R1a7 Rb7 
29.Rxb7 Qxb7 30.Ra7 Qc6 31.f5 Bg5 32.f6 Ne8 33.Ra1 Nc7 34.Ne2 Bh6 35.h4 
Bf8 36.g5 Nb5 37.h5 Nxd4 38.Nxd4 Qc7 39.hxg6 Qxe5 40.gxf7+ Kxf7 41.Qh4 h6 
42.Qh5+ Kg8 43.Qg6+ Kh8 44.Rh1 1-0

[Event "15th Rubinstein Memorial"]
[Site "Polanica Zdroj POL"]
[Date "1977.08.??"]
[Round "13"]
[White "Espig, Lutz"]
[Black "Vogt, Lothar"]
[Result "1/2-1/2"]
[WhiteElo "2485"]
[BlackElo "2495"]
[EventDate "1977.08.05"]
[PlyCount "30"]

1.e4 e5 2.Nf3 Nc6 3.Bb5 a6 4.Ba4 Nf6 5.O-O Be7 6.Re1 b5 7.Bb3 d6 8.c3 O-O 
9.h3 Nb8 10.d4 Nbd7 11.Nbd2 Bb7 12.Bc2 Re8 13.Nf1 Bf8 14.Ng3 g6 15.a4 c5 
1/2-1/2

[Event "15th Rubinstein Memorial"]
[Site "Polanica Zdroj POL"]
[Date "1977.08.20"]
[Round "13"]
[White "Filipowicz, Andrzej"]
[Black "Kuzmin, Gennady"]
[Result "0-1"]
[WhiteElo "2355"]
[BlackElo "2550"]
[EventDate "1977.08.05"]
[PlyCount "111"]

1.e4 e5 2.Nf3 Nc6 3.Bb5 a6 4.Ba4 Nf6 5.d4 exd4 6.O-O Be7 7.Re1 O-O 8.e5 
Nd5 9.Nxd4 Nb6 10.Nxc6 bxc6 11.Bb3 d5 12.exd6 Bxd6 13.Qh5 c5 14.Nd2 Bb7 
15.Nc4 Nxc4 16.Bxc4 Qf6 17.c3 Rae8 18.Bd2 h6 19.h3 Be5 20.Re2 Qc6 21.f4 g6
22.Qf3 Qxf3 23.gxf3 Bf6 24.Rxe8 Rxe8 25.Re1 Rb8 26.Kg2 Bc6 27.b3 Bb5 28.
Re4 Rd8 29.Be1 Rd1 30.Bxb5 axb5 31.c4 bxc4 32.bxc4 Ra1 33.Re2 Rc1 34.a4 
Bd4 35.a5 Ra1 36.f5 Kg7 37.fxg6 Kxg6 38.Bf2 Rxa5 39.Bxd4 cxd4 40.Re4 Rg5+ 
41.Kf2 c5 42.f4 Rf5 43.Kf3 Rf6 44.Re5 Rc6 45.Rd5 Kf6 46.Re5 Rd6 47.Rh5 Ke7
48.Rxc5 d3 49.Re5+ Kd7 50.Re1 Kc6 51.Rd1 d2 52.Ke3 Kc5 53.Rxd2 Rxd2 54.
Kxd2 Kxc4 55.Ke3 f5 56.Kf3 0-1

[Event "15th Rubinstein Memorial"]
[Site "Polanica Zdroj POL"]
[Date "1977.08.20"]
[Round "13"]
[White "Gulko, Boris"]
[Black "Diesen, Mark"]
[Result "1-0"]
[WhiteElo "2585"]
[BlackElo "2360"]
[EventDate "1977.08.05"]
[PlyCount "57"]

1.c4 Nf6 2.Nc3 e6 3.e4 c5 4.e5 Ng8 5.Nf3 Nc6 6.d4 cxd4 7.Nxd4 Nxe5 8.Ndb5 
a6 9.Nd6+ Bxd6 10.Qxd6 f6 11.Be3 Ne7 12.Bb6 Nf5 13.Bxd8 Nxd6 14.Bc7 Ke7 
15.c5 Ne8 16.Bb6 d5 17.cxd6+ Kxd6 18.f4 Nd7 19.Bd8 Nc7 20.Ne4+ Kd5 21.
Nxf6+ gxf6 22.Bxc7 Nc5 23.Be2 Kc6 24.Ba5 Bd7 25.O-O Kd6 26.Rfd1+ Ke7 27.
Bf3 Bb5 28.Bb4 Rac8 29.a4 1-0

[Event "15th Rubinstein Memorial"]
[Site "Polanica Zdroj POL"]
[Date "1977.08.20"]
[Round "13"]
[White "Lebredo Zarragoitia, Gerardo"]
[Black "Quinteros, Miguel Angel"]
[Result "0-1"]
[WhiteElo "2220"]
[BlackElo "2555"]
[EventDate "1977.08.05"]
[PlyCount "62"]

1.Nf3 d6 2.d4 g6 3.b3 Bg7 4.Bb2 c5 5.e3 Nc6 6.Be2 Bg4 7.O-O Nh6 8.Nbd2 Nf5
9.h3 Bxf3 10.Nxf3 cxd4 11.exd4 Qb6 12.c3 e5 13.d5 Nb8 14.Nd2 O-O 15.Ne4 h6
16.c4 Na6 17.a3 Nc5 18.Nxc5 dxc5 19.b4 Rfe8 20.bxc5 Qxc5 21.Qb3 b6 22.Bg4 
Nd6 23.Bd7 Re7 24.Bc6 Rf8 25.Rac1 e4 26.Bxg7 Kxg7 27.Qb4 f5 28.Qxc5 bxc5 
29.Rfe1 f4 30.f3 e3 31.Kf1 Rc8 0-1

[Event "15th Rubinstein Memorial"]
[Site "Polanica Zdroj POL"]
[Date "1977.08.20"]
[Round "13"]
[White "Mascarinas, Rico"]
[Black "Schinzel, Wladyslaw"]
[Result "1/2-1/2"]
[WhiteElo "2345"]
[BlackElo "2375"]
[EventDate "1977.08.05"]
[PlyCount "46"]

1.e4 c5 2.Nf3 Nc6 3.d4 cxd4 4.Nxd4 g6 5.c4 Bg7 6.Be3 Nf6 7.Nc3 O-O 8.Be2 
d6 9.O-O Bd7 10.Rc1 Nxd4 11.Bxd4 Bc6 12.f3 a5 13.b3 Nd7 14.Be3 Nc5 15.Qd2 
Qb6 16.Rfd1 Qb4 17.Nd5 Bxd5 18.exd5 Rfe8 19.Rc2 e6 20.dxe6 Rxe6 21.Bf2 Na6
22.f4 a4 23.bxa4 Qxa4 1/2-1/2

[Event "15th Rubinstein Memorial"]
[Site "Polanica Zdroj POL"]
[Date "1977.08.21"]
[Round "14"]
[White "Hort, Vlastimil"]
[Black "Ghitescu, Theodor"]
[Result "1/2-1/2"]
[WhiteElo "2620"]
[BlackElo "2440"]
[EventDate "1977.08.05"]
[PlyCount "63"]

1.d4 Nf6 2.c4 c5 3.d5 d6 4.Nc3 g6 5.g3 Bg7 6.Bg2 O-O 7.Nh3 a6 8.Nf4 b5 9.
cxb5 axb5 10.Nxb5 Ba6 11.Nc3 Nbd7 12.O-O Qc7 13.Qc2 Rfb8 14.Rb1 Ra7 15.Bd2
Rab7 16.Rfc1 c4 17.Nd1 Ne8 18.Bc3 Ne5 19.Ne3 Qd8 20.Qd2 Nc7 21.Be4 Nb5 22.
Ba5 Qe8 23.Kg2 Na7 24.Bc3 Nb5 25.Ba5 Na7 26.Nd1 Nc8 27.Bc3 Nb6 28.Bc2 Na4 
29.Bd4 Rb4 30.Bxa4 Qxa4 31.Nc3 Qd7 32.Rc2 1/2-1/2

[Event "15th Rubinstein Memorial"]
[Site "Polanica Zdroj POL"]
[Date "1977.08.21"]
[Round "14"]
[White "Ivkov, Borislav"]
[Black "Espig, Lutz"]
[Result "1/2-1/2"]
[WhiteElo "2510"]
[BlackElo "2485"]
[EventDate "1977.08.05"]
[PlyCount "27"]

1.d4 d5 2.c4 e6 3.Nf3 c5 4.e3 Nf6 5.Nc3 Nc6 6.a3 cxd4 7.exd4 Be7 8.cxd5 
Nxd5 9.Bd3 O-O 10.O-O Nxc3 11.bxc3 b6 12.Qc2 g6 13.Bd2 Bf6 14.h4 1/2-1/2

[Event "15th Rubinstein Memorial"]
[Site "Polanica Zdroj POL"]
[Date "1977.08.21"]
[Round "14"]
[White "Kirov, Nino"]
[Black "Filipowicz, Andrzej"]
[Result "1/2-1/2"]
[WhiteElo "2435"]
[BlackElo "2355"]
[EventDate "1977.08.05"]
[PlyCount "29"]

1.Nf3 c5 2.g3 g6 3.Bg2 Bg7 4.c3 Nf6 5.d4 Na6 6.O-O O-O 7.Re1 d6 8.e4 Nd7 
9.Na3 Rb8 10.Bf4 b5 11.e5 dxe5 12.dxe5 Nc7 13.Ng5 Rb6 14.Bh3 e6 15.Ne4 
1/2-1/2

[Event "15th Rubinstein Memorial"]
[Site "Polanica Zdroj POL"]
[Date "1977.08.21"]
[Round "14"]
[White "Kuzmin, Gennady"]
[Black "Mascarinas, Rico"]
[Result "1-0"]
[WhiteElo "2550"]
[BlackElo "2345"]
[EventDate "1977.08.05"]
[PlyCount "84"]

1.e4 e6 2.d4 d5 3.Nd2 c5 4.Ngf3 Nc6 5.exd5 exd5 6.Bb5 Bd6 7.dxc5 Bxc5 8.
O-O Ne7 9.c4 Bb6 10.cxd5 Qxd5 11.Nc4 Qxd1 12.Rxd1 Bc7 13.b3 f6 14.Nd6+ 
Bxd6 15.Rxd6 Bd7 16.Bf4 O-O-O 17.Nd2 Nf5 18.Nc4 g5 19.Bxc6 bxc6 20.Be3 
Nxd6 21.Nxd6+ Kb8 22.Nf7 Bc8 23.Nxh8 Rxh8 24.Bd4 Rf8 25.Re1 Rf7 26.f3 Bd7 
27.Kf2 a6 28.Bc5 f5 29.Re5 Kc7 30.Bb4 Rg7 31.Ke3 Rg6 32.Kd4 Be6 33.Kc5 f4 
34.Bd2 Kd7 35.Kb6 Rg8 36.Ka7 h6 37.Bb4 Rc8 38.Bc5 Re8 39.h4 Bd5 40.Rxe8 
Kxe8 41.hxg5 hxg5 42.Kxa6 Kd7 1-0

[Event "15th Rubinstein Memorial"]
[Site "Polanica Zdroj POL"]
[Date "1977.08.21"]
[Round "14"]
[White "Pokojowczyk, Jerzy"]
[Black "Gulko, Boris"]
[Result "1-0"]
[WhiteElo "2345"]
[BlackElo "2585"]
[EventDate "1977.08.05"]
[PlyCount "119"]

1.e4 c5 2.Nf3 a6 3.c3 e6 4.d4 d5 5.e5 Nc6 6.Bd3 Bd7 7.O-O Qb6 8.dxc5 Bxc5 
9.b4 Bf8 10.Qe2 Nge7 11.Nbd2 Ng6 12.g3 Be7 13.a3 f6 14.Bxg6+ hxg6 15.c4 
fxe5 16.cxd5 exd5 17.Nxe5 Qd4 18.Ndf3 Qe4 19.Re1 Nxe5 20.Nxe5 Qxe2 21.Rxe2
Bb5 22.Rd2 Bf6 23.Bb2 O-O 24.Nxg6 Bxb2 25.Rxb2 Rfd8 26.Rd2 d4 27.Rad1 Kf7 
28.Ne5+ Kf6 29.Ng4+ Kf5 30.Rxd4 Rxd4 31.Rxd4 Rc8 32.Ne3+ Ke5 33.Rd5+ Ke4 
34.Rg5 Kf3 35.Rf5+ Ke2 36.h4 Rc3 37.g4 Rxa3 38.Kg2 Rb3 39.Rf4 b6 40.Nf5 
Bc6+ 41.Kh2 Kf1 42.h5 a5 43.g5 Bd7 44.h6 gxh6 45.gxh6 Rc3 46.bxa5 bxa5 47.
Ng3+ Ke1 48.Kg1 Bb5 49.Re4+ Kd2 50.Re5 Rc1+ 51.Kh2 Bd3 52.Rxa5 Rc6 53.Rh5 
Rf6 54.Kg1 Rf7 55.Kg2 Bg6 56.Rg5 Rf6 57.f3 Kd3 58.Nh5 Rf5 59.Rxf5 Bxf5 60.
Nf6 1-0

[Event "15th Rubinstein Memorial"]
[Site "Polanica Zdroj POL"]
[Date "1977.08.21"]
[Round "14"]
[White "Torre, Eugenio"]
[Black "Vogt, Lothar"]
[Result "1/2-1/2"]
[WhiteElo "2550"]
[BlackElo "2495"]
[EventDate "1977.08.05"]
[PlyCount "113"]

1.e4 c5 2.Nf3 e6 3.d4 cxd4 4.Nxd4 Nf6 5.Nc3 d6 6.g4 a6 7.g5 Nfd7 8.h4 b5 
9.a3 Bb7 10.Be3 Nb6 11.h5 N8d7 12.Rh3 Ne5 13.g6 hxg6 14.hxg6 Rxh3 15.gxf7+
Nxf7 16.Bxh3 Nc4 17.Bxe6 Qh4 18.Bxc4 bxc4 19.Qe2 Qh1+ 20.Qf1 Qxf1+ 21.Kxf1
Kd7 22.f3 Be7 23.Na4 Rh8 24.Nb6+ Kc7 25.Ne6+ Kb8 26.Kg2 g5 27.Nd5 Bxd5 28.
exd5 Bf6 29.Bd4 Bxd4 30.Nxd4 Kc7 31.Rh1 Rxh1 32.Kxh1 Kb6 33.Ne6 c3 34.b3 
Ne5 35.Kg2 g4 36.f4 Nd7 37.f5 Nf6 38.Kg3 a5 39.a4 Nxd5 40.Kxg4 Ne3+ 41.Kg5
Nxc2 42.Nf4 Nb4 43.f6 c2 44.Ne2 Nc6 45.Kf4 Ne5 46.Ke4 Kc5 47.Nc1 Nd7 48.
Nd3+ Kc6 49.f7 Nc5+ 50.Kd4 Kd7 51.Nc1 Ke7 52.Kd5 Nd7 53.Kc6 Ne5+ 54.Kb5 
Kxf7 55.Kxa5 d5 56.Kb4 d4 57.Ka3 1/2-1/2

[Event "15th Rubinstein Memorial"]
[Site "Polanica Zdroj POL"]
[Date "1977.08.22"]
[Round "15"]
[White "Espig, Lutz"]
[Black "Quinteros, Miguel Angel"]
[Result "1-0"]
[WhiteElo "2485"]
[BlackElo "2555"]
[EventDate "1977.08.05"]
[PlyCount "105"]

1.Nf3 d6 2.d4 Nf6 3.Nc3 g6 4.e4 Bg7 5.h3 O-O 6.Be3 c6 7.a4 Nbd7 8.Be2 e5 
9.dxe5 dxe5 10.Nd2 Qe7 11.Nc4 Ne8 12.Qd2 f5 13.f3 f4 14.Bf2 Rf7 15.Na5 Nf8
16.Bc4 Be6 17.O-O-O Bxc4 18.Nxc4 Qb4 19.Na3 Ne6 20.Qd3 Nd4 21.Qc4 Qe7 22.
Ne2 b5 23.axb5 Nd6 24.Qd3 N6xb5 25.Nxb5 Nxb5 26.Qc4 Qb7 27.Rd3 Bf6 28.Rhd1
Kg7 29.Bc5 Rb8 30.Qxf7+ Kxf7 31.Rd7+ Ke8 32.Rxb7 Rxb7 33.c4 Nc7 34.Kc2 Ne6
35.Bf2 Be7 36.Ra1 c5 37.Nc1 Bd6 38.Nd3 Kd7 39.Ra5 Rc7 40.b4 cxb4 41.Kb3 
Rb7 42.Rxa7 Rxa7 43.Bxa7 Nd8 44.Bc5 Bxc5 45.Nxc5+ Kd6 46.Nd3 Ne6 47.Kxb4 
Nd4 48.c5+ Ke6 49.Ka5 Nc6+ 50.Kb5 Kd7 51.Nb4 Nd4+ 52.Kb6 Kc8 53.c6 1-0

[Event "15th Rubinstein Memorial"]
[Site "Polanica Zdroj POL"]
[Date "1977.08.22"]
[Round "15"]
[White "Ghitescu, Theodor"]
[Black "Torre, Eugenio"]
[Result "0-1"]
[WhiteElo "2440"]
[BlackElo "2550"]
[EventDate "1977.08.05"]
[PlyCount "56"]

1.c4 Nf6 2.Nc3 d6 3.d4 g6 4.e4 Bg7 5.f3 O-O 6.Be3 a6 7.Bd3 c5 8.Nge2 Nc6 
9.d5 Ne5 10.a4 e6 11.O-O exd5 12.exd5 Re8 13.Bg5 h6 14.Bh4 b6 15.f4 Nxd3 
16.Qxd3 Bf5 17.Qf3 Qd7 18.Bxf6 Bxf6 19.Rae1 Re7 20.Ng3 Rae8 21.Rxe7 Rxe7 
22.Qd1 Re3 23.Nxf5 Qxf5 24.Qd2 Bxc3 25.bxc3 Qe4 26.Qf2 Rxc3 27.Re1 Qxc4 
28.f5 g5 0-1

[Event "15th Rubinstein Memorial"]
[Site "Polanica Zdroj POL"]
[Date "1977.08.22"]
[Round "15"]
[White "Gulko, Boris"]
[Black "Schinzel, Wladyslaw"]
[Result "1/2-1/2"]
[WhiteElo "2585"]
[BlackElo "2375"]
[EventDate "1977.08.05"]
[PlyCount "82"]

1.e4 e6 2.d4 d5 3.Nc3 Nf6 4.e5 Nfd7 5.f4 c5 6.Nf3 f6 7.f5 cxd4 8.fxe6 dxc3
9.exd7+ Qxd7 10.exf6 Bb4 11.b3 O-O 12.fxg7 Re8+ 13.Be2 Qe6 14.Qd3 Na6 15.
Nd4 Qe4 16.O-O Qxd3 17.Bxd3 Bc5 18.Rf8+ Bxf8 19.gxf8=Q+ Rxf8 20.Ba3 Rf7 
21.Nb5 Bf5 22.Bxf5 Rxf5 23.Nxc3 Rc8 24.Nb5 Rf6 25.Rc1 Re8 26.Rd1 Re2 27.
Nd4 Re4 28.Nb5 Re2 29.Nd4 Re3 30.Nb5 Rfe6 31.Kf1 R3e5 32.h3 Nb8 33.Nc7 Rc6
34.Nxd5 Rxc2 35.Bd6 Rf5+ 36.Kg1 Rff2 37.Ne3 Rfd2 38.Rf1 Rc8 39.Bb4 Rxa2 
40.Nd5 Nc6 41.Bc3 Rc2 1/2-1/2

[Event "15th Rubinstein Memorial"]
[Site "Polanica Zdroj POL"]
[Date "1977.08.22"]
[Round "15"]
[White "Lebredo Zarragoitia, Gerardo"]
[Black "Pokojowczyk, Jerzy"]
[Result "1-0"]
[WhiteElo "2220"]
[BlackElo "2345"]
[EventDate "1977.08.05"]
[PlyCount "65"]

1.Nf3 Nf6 2.g3 b6 3.Bg2 Bb7 4.O-O c5 5.d3 g6 6.e4 Bg7 7.Nh4 d5 8.e5 Nfd7 
9.c4 e6 10.f4 Na6 11.Nc3 Nc7 12.Be3 O-O 13.cxd5 Nxd5 14.Nxd5 Bxd5 15.Bxd5 
exd5 16.d4 Re8 17.Qf3 cxd4 18.Bxd4 Nc5 19.Rad1 Rc8 20.f5 Bxe5 21.fxg6 fxg6
22.Qf7+ Kh8 23.Nxg6+ hxg6 24.Qxg6 Qe7 25.Bxe5+ Qxe5 26.Rf4 Qg7 27.Rh4+ Kg8
28.Qf5 Rf8 29.Qxd5+ Rf7 30.Rf1 Rc7 31.Qd8+ Qf8 32.Rg4+ Kh7 33.Qxf8 1-0

[Event "15th Rubinstein Memorial"]
[Site "Polanica Zdroj POL"]
[Date "1977.08.22"]
[Round "15"]
[White "Mascarinas, Rico"]
[Black "Kirov, Nino"]
[Result "1/2-1/2"]
[WhiteElo "2345"]
[BlackElo "2435"]
[EventDate "1977.08.05"]
[PlyCount "45"]

1.d4 Nf6 2.c4 g6 3.g3 Bg7 4.Bg2 d5 5.Nf3 O-O 6.O-O Nc6 7.Ne5 dxc4 8.Nxc6 
bxc6 9.Nc3 Rb8 10.Qa4 Qxd4 11.Rd1 Qc5 12.Be3 Qh5 13.Bc1 Nd5 14.Qxc4 Nxc3 
15.bxc3 Qb5 16.Qxb5 cxb5 17.Be3 Bxc3 18.Bxa7 Bxa1 19.Bxb8 Be5 20.Rd5 Be6 
21.Rxb5 Bxa2 22.Rxe5 Rxb8 23.f4 1/2-1/2

[Event "15th Rubinstein Memorial"]
[Site "Polanica Zdroj POL"]
[Date "1977.08.22"]
[Round "15"]
[White "Vogt, Lothar"]
[Black "Ivkov, Borislav"]
[Result "1/2-1/2"]
[WhiteElo "2495"]
[BlackElo "2510"]
[EventDate "1977.08.05"]
[PlyCount "35"]

1.e4 e5 2.Nf3 Nc6 3.Bb5 a6 4.Ba4 Nf6 5.O-O Be7 6.Re1 b5 7.Bb3 O-O 8.d4 d6 
9.c3 Bg4 10.d5 Na5 11.Bc2 c5 12.Nbd2 Ne8 13.h3 Bd7 14.Nf1 g6 15.Bh6 Ng7 
16.g4 Qc8 17.Ng3 Nb7 18.Qe2 1/2-1/2

[Event "15th Rubinstein Memorial"]
[Site "Polanica Zdroj POL"]
[Date "1977.08.23"]
[Round "16"]
[White "Diesen, Mark"]
[Black "Espig, Lutz"]
[Result "1/2-1/2"]
[WhiteElo "2360"]
[BlackElo "2485"]
[EventDate "1977.08.05"]
[PlyCount "37"]

1.e4 c5 2.Nf3 e6 3.d4 cxd4 4.Nxd4 Nf6 5.Nc3 d6 6.f4 a6 7.Be2 Be7 8.O-O O-O
9.Qe1 Nc6 10.Be3 Bd7 11.Qg3 Nxd4 12.Bxd4 Bc6 13.a4 g6 14.Bd3 b5 15.axb5 
axb5 16.Rxa8 Qxa8 17.Qh4 Qd8 18.Qh6 b4 19.Ne2 1/2-1/2

[Event "15th Rubinstein Memorial"]
[Site "Polanica Zdroj POL"]
[Date "1977.08.23"]
[Round "16"]
[White "Ghitescu, Theodor"]
[Black "Filipowicz, Andrzej"]
[Result "1/2-1/2"]
[WhiteElo "2440"]
[BlackElo "2355"]
[EventDate "1977.08.05"]
[PlyCount "24"]

1.Nf3 c5 2.c4 g6 3.Nc3 Bg7 4.g3 Nc6 5.Bg2 e6 6.O-O Nge7 7.e3 d5 8.cxd5 
Nxd5 9.Nxd5 exd5 10.d4 cxd4 11.Nxd4 Nxd4 12.exd4 O-O 1/2-1/2

[Event "15th Rubinstein Memorial"]
[Site "Polanica Zdroj POL"]
[Date "1977.08.23"]
[Round "16"]
[White "Hort, Vlastimil"]
[Black "Mascarinas, Rico"]
[Result "1-0"]
[WhiteElo "2620"]
[BlackElo "2345"]
[EventDate "1977.08.05"]
[PlyCount "48"]

1.e4 e6 2.d4 d5 3.Nc3 Nf6 4.Bg5 dxe4 5.Nxe4 Be7 6.Bxf6 gxf6 7.Nf3 f5 8.Nc3
Bf6 9.Bb5+ Kf8 10.Qd2 a6 11.Be2 Nc6 12.O-O-O b5 13.Qe3 Ne7 14.Ne5 Bb7 15.
Bf3 Bxf3 16.Qxf3 Bg7 17.a3 Qe8 18.Rhe1 c6 19.g4 fxg4 20.Nxg4 Nd5 21.Ne5 
Rg8 22.Ne4 Bxe5 23.dxe5 Qe7 24.Qh3 Nf4 1-0

[Event "15th Rubinstein Memorial"]
[Site "Polanica Zdroj POL"]
[Date "1977.08.23"]
[Round "16"]
[White "Kirov, Nino"]
[Black "Farago, Ivan"]
[Result "1/2-1/2"]
[WhiteElo "2435"]
[BlackElo "2500"]
[EventDate "1977.08.05"]
[PlyCount "27"]

1.Nf3 Nf6 2.g3 d5 3.Bg2 c6 4.O-O Bg4 5.d3 e6 6.Nbd2 Be7 7.h3 Bh5 8.e4 O-O 
9.b3 Nbd7 10.Bb2 a5 11.a4 b5 12.g4 Bg6 13.Nd4 Qb6 14.exd5 1/2-1/2

[Event "15th Rubinstein Memorial"]
[Site "Polanica Zdroj POL"]
[Date "1977.08.23"]
[Round "16"]
[White "Pokojowczyk, Jerzy"]
[Black "Adamski, Jan"]
[Result "1/2-1/2"]
[WhiteElo "2345"]
[BlackElo "2470"]
[EventDate "1977.08.05"]
[PlyCount "30"]

1.e4 c5 2.Nf3 e6 3.d4 cxd4 4.Nxd4 Nf6 5.Nc3 d6 6.g4 h6 7.g5 hxg5 8.Bxg5 
Nc6 9.Qd2 Qb6 10.Nb3 a6 11.O-O-O Qc7 12.h4 b5 13.Bg2 Bb7 14.Rh3 Be7 15.f4 
O-O-O 1/2-1/2

[Event "15th Rubinstein Memorial"]
[Site "Polanica Zdroj POL"]
[Date "1977.08.23"]
[Round "16"]
[White "Quinteros, Miguel Angel"]
[Black "Vogt, Lothar"]
[Result "1/2-1/2"]
[WhiteElo "2555"]
[BlackElo "2495"]
[EventDate "1977.08.05"]
[PlyCount "69"]

1.d4 Nf6 2.c4 d6 3.Nc3 Nbd7 4.e4 e5 5.Nf3 g6 6.g3 Bg7 7.Bg2 O-O 8.O-O a6 
9.Re1 c6 10.d5 c5 11.a3 Qc7 12.Bf1 h6 13.Bd2 Kh7 14.Bd3 Ng8 15.h4 Ndf6 16.
Nh2 h5 17.Nf3 Kh8 18.Ng5 Nh7 19.Be2 Qe7 20.Na4 f6 21.Nxh7 Kxh7 22.Nb6 Rb8 
23.b4 Qc7 24.bxc5 Qxc5 25.Be3 Qc7 26.Nxc8 Rbxc8 27.Rb1 Bh6 28.Bb6 Qd7 29.
Bf1 Ne7 30.Rb4 Rf7 31.Qa4 Qxa4 32.Rxa4 f5 33.Bh3 Rcf8 34.exf5 gxf5 35.Re2 
1/2-1/2

[Event "15th Rubinstein Memorial"]
[Site "Polanica Zdroj POL"]
[Date "1977.08.23"]
[Round "16"]
[White "Schinzel, Wladyslaw"]
[Black "Lebredo Zarragoitia, Gerardo"]
[Result "1/2-1/2"]
[WhiteElo "2375"]
[BlackElo "2220"]
[EventDate "1977.08.05"]
[PlyCount "78"]

1.d4 Nf6 2.c4 e6 3.Nc3 Bb4 4.g3 O-O 5.Bg2 d5 6.a3 Be7 7.Nf3 Nbd7 8.cxd5 
exd5 9.O-O a5 10.Bf4 c6 11.Qc2 Re8 12.Nb5 Rf8 13.Bc7 Qe8 14.Nd6 Bxd6 15.
Bxd6 Ne4 16.Bxf8 Nxf8 17.Nd2 Nd6 18.e4 Be6 19.exd5 cxd5 20.Rac1 Nd7 21.
Rfe1 Nf6 22.a4 b5 23.axb5 Nxb5 24.Qd3 Nd6 25.Ra1 Qb8 26.Qb3 Qd8 27.Bf1 h5 
28.Ra3 h4 29.Rea1 hxg3 30.hxg3 Ng4 31.Be2 Qg5 32.Bxg4 Bxg4 33.Qe3 Qh5 34.
Rxa5 Rxa5 35.Rxa5 Nc4 36.Ra8+ Kh7 37.Qd3+ Bf5 38.Qf3 Bg4 39.Qd3+ Bf5 
1/2-1/2

[Event "15th Rubinstein Memorial"]
[Site "Polanica Zdroj POL"]
[Date "1977.08.23"]
[Round "16"]
[White "Torre, Eugenio"]
[Black "Ivkov, Borislav"]
[Result "1/2-1/2"]
[WhiteElo "2550"]
[BlackElo "2510"]
[EventDate "1977.08.05"]
[PlyCount "43"]

1.e4 e5 2.Nf3 Nc6 3.Bb5 a6 4.Ba4 Nf6 5.O-O Be7 6.Re1 b5 7.Bb3 d6 8.c3 O-O 
9.h3 Na5 10.Bc2 c5 11.d4 Qc7 12.Nbd2 cxd4 13.cxd4 Nc6 14.Nb3 a5 15.Be3 a4 
16.Nbd2 Be6 17.Bb1 Bd7 18.a3 Qb8 19.Bd3 Na5 20.Rc1 Re8 21.Qc2 Bd8 22.Qd1 
1/2-1/2

[Event "15th Rubinstein Memorial"]
[Site "Polanica Zdroj POL"]
[Date "1977.08.25"]
[Round "17"]
[White "Adamski, Jan"]
[Black "Schinzel, Wladyslaw"]
[Result "1/2-1/2"]
[WhiteElo "2470"]
[BlackElo "2375"]
[EventDate "1977.08.05"]
[PlyCount "96"]

1.Nf3 Nf6 2.c4 e6 3.g3 a6 4.Nc3 d5 5.cxd5 exd5 6.Bg2 Bd6 7.O-O O-O 8.d4 c6
9.Bf4 Bxf4 10.gxf4 Ng4 11.e3 Nd7 12.b4 Qe7 13.Rb1 Nb6 14.a4 Bf5 15.Rb3 Nc4
16.h3 Nh6 17.Ne5 Qh4 18.Kh2 f6 19.Nxc4 dxc4 20.Rb2 g5 21.Qf3 gxf4 22.e4 
Bg6 23.Ne2 Rae8 24.Qxf4 Qxf4+ 25.Nxf4 Bxe4 26.d5 cxd5 27.Nxd5 Bxg2 28.Kxg2
Re4 29.Rd1 Kf7 30.b5 a5 31.Nb6 Rg8+ 32.Kf1 Rge8 33.Rc2 Nf5 34.Nxc4 Kg6 35.
Nxa5 Rxa4 36.Nxb7 Rb4 37.Rc5 Re5 38.Rxe5 fxe5 39.Nd6 Nd4 40.Re1 Nxb5 41.
Rxe5 Nxd6 42.Re6+ Kf5 43.Rxd6 Kg5 44.Kg2 h5 45.Rd5+ Kh4 46.Rf5 Ra4 47.Re5 
Rb4 48.Re3 Ra4 1/2-1/2

[Event "15th Rubinstein Memorial"]
[Site "Polanica Zdroj POL"]
[Date "1977.08.25"]
[Round "17"]
[White "Espig, Lutz"]
[Black "Pokojowczyk, Jerzy"]
[Result "1/2-1/2"]
[WhiteElo "2485"]
[BlackElo "2345"]
[EventDate "1977.08.05"]
[PlyCount "24"]

1.Nf3 Nf6 2.c4 e6 3.g3 d5 4.Bg2 dxc4 5.Qa4+ Nbd7 6.Qxc4 c5 7.O-O b6 8.d4 
Bb7 9.dxc5 Bxc5 10.Nc3 O-O 11.b4 Be7 12.Bb2 Rc8 1/2-1/2

[Event "15th Rubinstein Memorial"]
[Site "Polanica Zdroj POL"]
[Date "1977.08.25"]
[Round "17"]
[White "Farago, Ivan"]
[Black "Hort, Vlastimil"]
[Result "1/2-1/2"]
[WhiteElo "2500"]
[BlackElo "2620"]
[EventDate "1977.08.05"]
[PlyCount "26"]

1.e4 e5 2.Nf3 Nc6 3.Bb5 a6 4.Bxc6 dxc6 5.d4 exd4 6.Qxd4 Qxd4 7.Nxd4 c5 8.
Ne2 Bd6 9.Bf4 Bd7 10.Bxd6 cxd6 11.Nbc3 Bc6 12.O-O-O O-O-O 13.Nf4 Nf6 
1/2-1/2